Anar al contingut

Управленческий учет и анализ в условиях антикризисного управления учебное пособие для студентов направления подготовки 38.04.02 «менеджмент», образовательная программа «управленческий учет и анализ»

Приведен теоретический материал по дисциплине «Управленческий учет и анализ в усло виях антикризисного управления». Рекомендовано для выполнения заданий по самостоятельной работе, подготовке к экзамену по дисциплине. Может быть использовано специалистами в области управленческого учета и ана лиза и...

Descripció completa

Guardat en:
Dades bibliogràfiques
Autor principal: Понкратова Т. А.
Altres autors: Тюленева Т. А.
Format: Книга
Idioma:Russian
Publicat: Кемерово КузГТУ имени Т.Ф. Горбачева 2016
Accés en línia:https://e.lanbook.com/book/172545
https://e.lanbook.com/img/cover/book/172545.jpg
Etiquetes: Afegir etiqueta
Sense etiquetes, Sigues el primer a etiquetar aquest registre!
LEADER 01986nam0a2200265 i 4500
001 172545
003 RuSpLAN
005 20221220174127.0
008 221220s2016 ru gs 000 0 rus
040 |a RuSpLAN 
041 0 |a rus 
044 |a ru 
080 |a 657(075.8) 
084 |a 65.052я73  |2 rubbk 
245 0 0 |a Управленческий учет и анализ в условиях антикризисного управления  |b учебное пособие для студентов направления подготовки 38.04.02 «менеджмент», образовательная программа «управленческий учет и анализ»  |c Понкратова Т. А.,Тюленева Т. А. 
260 |a Кемерово  |b КузГТУ имени Т.Ф. Горбачева  |c 2016 
300 |a 77 с. 
504 |a Библиогр.: доступна в карточке книги, на сайте ЭБС Лань 
520 8 |a Приведен теоретический материал по дисциплине «Управленческий учет и анализ в усло виях антикризисного управления». Рекомендовано для выполнения заданий по самостоятельной работе, подготовке к экзамену по дисциплине. Может быть использовано специалистами в области управленческого учета и ана лиза и преподавателям смежных дисциплин. 
521 8 |a Книга из коллекции КузГТУ имени Т.Ф. Горбачева - Экономика и менеджмент 
100 1 |a Понкратова Т. А. 
700 1 |a Тюленева Т. А. 
856 4 |u https://e.lanbook.com/book/172545 
856 4 8 |u https://e.lanbook.com/img/cover/book/172545.jpg 
953 |a https://e.lanbook.com/img/cover/book/172545.jpg